000 00823nam a2200253 i 4500
001 000041532
003 DO-SdBNP
005 20240401183740.0
007 ta
008 131009s2022 dr c 000 0 spa d
020 _a9789945808766
040 _aDO-SdBNP
_bspa
_cBNPHU
_erda
082 4 _222
100 1 _aMazeaud, Henri,
_d1900-1993
_eautora
_968262
245 1 0 _aUna mirada desde la otra orilla :
_bama, solo ama. Amigos consagrados /
_cMaría Cristina Rodríguez-Marchena ; prólogo, María Amalia León de Jorge
264 _aSanto Domingo :
_bSerigraf,
_c2022.
300 _a252 páginas :
_bretratos ;
_c23 cm.
336 _2rdacontent
_atexto
_btxt
337 _2rdamedia
_asin mediación
_bn
338 _2rdacarrier
_avolumen
_bnc
590 _aInventariado, 2024/BT
910 _aBtavárez
942 _2ddc
_cLBS1
999 _c41022
_d41022